[Event "2017 Edmonton International"]
[Site "?"]
[Date "2017.06.20"]
[Round "1"]
[White "Heredia Serrano, Carla"]
[Black "Matras-Clement, Agnieszka"]
[Result "1/2-1/2"]
[WhiteElo "2082"]
[BlackElo "2305"]
[PlyCount "90"]
[SourceDate "2017.09.01"]

1. e4 c6 2. d4 d5 3. Nc3 dxe4 4. Nxe4 Nf6 5. Nxf6+ exf6 6. Nf3 Bd6 7. Be2 O-O
8. O-O Re8 9. Re1 Nd7 10. c4 Nf8 11. Bd3 Bg4 12. Rxe8 Qxe8 13. Be3 Qd7 14. h3
Bh5 15. Be2 Re8 16. Qd2 Bc7 17. Rd1 Qd6 18. d5 Rd8 (18... Bxf3 19. Bxf3 Qh2+
20. Kf1 Ng6 {favors black.}) 19. dxc6 Qxd2 20. Rxd2 Rxd2 21. Bxd2 bxc6 {
This 3 on 2 queenside majority is critical to the endgame; watch for
breakthrough opportunities here. White is giving herself every chance to win -
she'll have more space, a better pawn structure, and more queenside
possibilities.} 22. Be3 Bb6 23. c5 Bc7 24. g4 Bg6 25. Nd4 Be4 26. b4 Ne6 27. a4
Nf4 $4 {There is a win for white here, but she must be willing to trade into a
knight v bishop ending. It turns out the knight is stronger than the bishop,
and the combination of the knight and the queenside pawns is unstoppable.} 28.
Bxf4 $4 {White misses the win and instead simplies into an opposite-colored
bishop ending.} (28. Bf3 $1 {Two of black's pieces are attacked. Black's
light-squared bishop can't leave the a8-h1 diagonal lest the weak c pawn falls.
Thus, black is forced into a trade.} Bxf3 29. Bxf4 $1 {Again, black has two
pieces attacked.} Bxf4 30. Nxf3 {Black's c-pawn is undefendable. If black
tries to prevent the knight from attacking it with 30. ...Be5, then 31. Nxe5
trades into a winning king and pawn endgame for white, with white able to
launch a breakthrough on the queenside. Meanwhile, the knight is stopping the
bishop from reaching the d2 square to counterattack on the white's b-pawn. If
black tries to bring in the King with 30. Kf8, then 31. Nd4 wins the c and a
pawns.} Be5 (30... Kf8 31. Nd4 Bc1 32. Nxc6 Ba3 33. Nxa7 Bxb4 34. c6 Ba5 35.
Nb5 Ke7 36. Kf1) (30... Bb8 31. Nd4 Kf8) 31. Nxe5 fxe5 32. b5 Kf8 33. b6) 28...
Bxf4 29. b5 Be5 30. Nxc6 Bxc6 31. bxc6 {Some straightforward technique from
black will stop these isolated, doubled, passed c-pawns.} Kf8 32. Bc4 Ke7 33.
Kf1 Bd4 34. Bxf7 {The first of several offered sacrifices by white. Of course,
black can't take the bishop without the c-pawn queening.} Bxc5 35. Bg8 Kd6 36.
Bd5 Bb6 37. Be4 h6 38. f4 g5 39. fxg5 hxg5 40. Ke2 Bd4 41. Kd3 Be5 42. Kc4 Kc7
43. Kd5 Bc3 44. Bf3 Bb2 45. Ke6 Bc3 {The c-pawn is firmly blockaded, the
bishops have nothing to attack, and neither side can attempt a breakdown
without losing.} 1/2-1/2

[Event "2017 Alberta Seniors Championship"]
[Site "?"]
[Date "2017.04.09"]
[Round "4"]
[White "Frialde, Arniel"]
[Black "McKay, Arnold"]
[Result "1-0"]
[WhiteElo "2169"]
[BlackElo "1819"]
[PlyCount "107"]
[SourceDate "2017.09.01"]

1. d4 Nf6 2. Nf3 d5 3. c4 e6 4. Bg5 Be7 5. Nc3 O-O 6. Bxf6 {Uncommon, giving
up the bishop pair. 6. e3 is the main move.} Bxf6 7. e3 c6 8. Bd3 Nd7 9. cxd5
exd5 10. Qc2 h6 11. h4 Nb6 12. O-O-O Bg4 {A nice example of opposite-side
castling.} 13. Rdg1 Bxf3 14. gxf3 Nd7 15. Bf5 Re8 16. Kb1 Nf8 17. f4 Ne6 18.
Qd1 Kf8 19. Qf3 Re7 20. Rg4 Ke8 21. h5 Qb6 22. Rhg1 {Black hasn't made any
progress in his attack, whereas white has doubled rooks on the half-open
g-file and advanced his pawns.} Rd8 23. Bxe6 Rxe6 24. Na4 Qc7 25. Nc5 Red6 26.
Rxg7 Bxg7 27. Rxg7 b6 28. Nd3 Ke7 $2 {Walking into a pin and potential skewer.
This move gives white tactical opportunities while limiting black's options.}
29. Ne5 Rf6 30. Qg3 (30. Ng6+ {presents some real problems for black.} Kd6 31.
e4 dxe4 32. Qxe4 Re6 33. Ne5 $18) 30... Qc8 31. Qh4 Qf5+ 32. Kc1 Ke6 33. Ng4 (
33. Rxf7 {After this, the computer finds various winning lines for white.} Rxf7
34. Qxd8) 33... Rf8 34. Kd2 c5 35. Qxf6+ {Cashing in the attack to trade into
a favorable endgame.} Qxf6 36. Nxf6 Kxf6 37. Rh7 cxd4 38. Rxh6+ Kf5 39. Kd3
dxe3 40. fxe3 Rd8 41. Kd4 Rd7 42. Rc6 f6 43. h6 {If black tries to take the h6
pawn with his king, both black pawns on f6 and d5 fall, leaving white with
connected passed pawns.} Rh7 44. Kxd5 Rxh6 45. e4+ {Giving up a pawn to force
a winning king and pawn endgame, where white's king reaches the opposing pawns
first.} Kxf4 46. e5 Kf5 47. Rxf6+ Rxf6 48. exf6 Kxf6 49. Kc6 Ke5 50. Kb7 Kd4
51. Kxa7 b5 52. Kb6 Kc4 53. Ka5 b4 54. b3+ 1-0

[Event "2017 Alberta Seniors Championship"]
[Site "?"]
[Date "2017.04.09"]
[Round "5"]
[White "Beresinski, Piotr"]
[Black "McKay, Arnold"]
[Result "1/2-1/2"]
[WhiteElo "1921"]
[BlackElo "1819"]
[PlyCount "97"]
[SourceDate "2017.09.01"]

1. b3 e5 2. Bb2 Nc6 3. e3 d6 4. Bb5 Bd7 5. Ne2 Nf6 6. d4 exd4 7. Nxd4 Nxd4 8.
Bxd7+ Qxd7 9. Qxd4 Qg4 10. Qxg4 Nxg4 11. Nd2 Ne5 12. O-O-O O-O-O 13. h3 Rg8 14.
Bxe5 dxe5 15. Nc4 Rxd1+ 16. Rxd1 f6 17. e4 Bc5 18. f3 Rd8 19. Rd5 Rxd5 20. exd5
b5 21. Na5 Kd7 22. c4 Bb6 23. Nc6 bxc4 24. bxc4 Ke8 25. Kc2 Kf7 26. Kd3 Kg6 27.
Ke4 Kg5 28. Ne7 g6 29. Ng8 Bd4 30. h4+ Kxh4 31. Nxf6 h5 32. g4 Kg5 33. Nh7+ Kh6
34. Nf6 Kg5 35. Nxh5 gxh5 36. gxh5 Kxh5 37. f4 exf4 38. Kxd4 Kg4 39. c5 f3 40.
d6 cxd6 41. c6 f2 42. c7 f1=Q 43. c8=Q+ Kg5 44. Qg8+ Kh6 45. Qe6+ Kg5 46. Qd5+
Kg4 47. Qe4+ Kg5 (47... Qf4 48. Qxf4+ Kxf4 49. Kd5 (49. a4 Kf5 50. Kd5 Kf6 51.
Kxd6 Kf5 52. a5 Ke4 53. Kc6 Kd4 54. Kb7 Kc5 55. a6 Kd6 56. Kxa7 Kc7 57. Ka8 Kb6
58. a7 Kc7) 49... Ke3 50. Kxd6 Kd4 51. Kc6) 48. Qd5+ Kg4 49. Qe4+ 1/2-1/2

[Event "Calgary International Qualifier"]
[Site "?"]
[Date "2017.??.??"]
[Round "1.7"]
[White "Kostadinov, Georgi"]
[Black "Milne, Art"]
[Result "0-1"]
[WhiteElo "2071"]
[BlackElo "1587"]
[PlyCount "68"]
[EventDate "2017.??.??"]
[SourceDate "2017.09.01"]
[TimeControl "90"]

1. d4 d6 2. c4 f5 3. Nc3 Nf6 4. Nf3 g6 5. g3 Bg7 6. Bg2 O-O 7. O-O Na6 8. Qc2
c5 9. d5 Bd7 10. Re1 Rb8 11. Rb1 Nc7 12. b3 a6 13. Bb2 b5 14. Nd2 Ng4 15. Nd1
Ne5 16. f4 Nf7 17. Bxg7 Kxg7 18. Nf2 e6 19. e4 Qf6 20. Nf3 exd5 21. e5 dxe5 22.
fxe5 Qb6 23. Nd3 dxc4 24. bxc4 Ne6 25. Nf4 Nxf4 26. gxf4 Be6 27. Bf1 Qc6 28.
Kf2 Rfd8 29. Red1 b4 30. Bg2 Qc7 31. Rbc1 h6 32. h4 h5 33. Rg1 Nh6 34. Ng5 Qe7
0-1

[Event "2017MOK"]
[Site "Calgary"]
[Date "2017.??.??"]
[Round "1.1"]
[White "Ng, Gary"]
[Black "Milne, Arthur"]
[Result "1-0"]
[WhiteElo "2354"]
[BlackElo "1656"]
[PlyCount "57"]
[EventDate "2017.??.??"]
[SourceDate "2017.09.01"]
[TimeControl "90+30"]

1. Nf3 a6 2. c4 b5 3. b3 Bb7 4. e3 c6 5. Bb2 d6 6. d4 Nd7 7. Nbd2 Ngf6 8. Bd3
g6 9. O-O Bg7 10. Qc2 O-O 11. Rfe1 Re8 (11... Rc8 12. e4 Nh5 13. Rad1 Nf4 14.
Bf1 e5 15. g3 Ne6 16. dxe5 dxe5 17. Bh3 Qe7 18. Nf1 Rfd8 (18... Rcd8 19. Ne3
Bc8 20. cxb5 axb5 21. Qxc6) 19. Ne3) 12. e4 Nh5 13. Rad1 Nf4 14. Bf1 e5 15. g3
Ne6 16. dxe5 dxe5 17. Bh3 Qe7 18. Nf1 Red8 19. Ne3 Bc8 20. cxb5 axb5 21. Qxc6
Rxa2 22. Nd5 Qe8 23. Bxe6 Qxe6 24. Qc7 Re8 25. Qc1 Qg4 26. Rd3 f5 27. Nd2 Bb7
28. Ne3 Qh3 29. Rxd7 1-0

[Event "2017MOK"]
[Site "Calgary"]
[Date "2017.??.??"]
[Round "4.2"]
[White "Kostadinov, Georgi"]
[Black "Ng, Gary"]
[Result "*"]
[WhiteElo "2080"]
[BlackElo "2354"]
[PlyCount "76"]
[EventDate "2017.??.??"]
[SourceDate "2017.09.01"]
[TimeControl "90+30"]

1. d4 Nf6 2. c4 e6 3. Nf3 b6 4. g3 Ba6 5. Qa4 c5 6. Bg2 Bb7 7. e3 Be7 8. Nc3
O-O 9. O-O Qc8 10. Rd1 a6 11. Bd2 d6 12. Rac1 Nbd7 13. a3 Bc6 14. Qb3 Rb8 15.
d5 exd5 16. Nxd5 Bxd5 17. cxd5 b5 18. Bc3 Ne4 19. Ba5 (19. Be5) 19... Qe8 20.
Qc2 f5 21. Ne1 Bd8 22. Bxd8 Rxd8 23. Nd3 g5 24. a4 Ne5 25. Nxe5 Qxe5 26. Bf1
Rb8 27. axb5 axb5 28. Ra1 c4 29. Ra7 Ra8 30. f4 Qe8 31. Rda1 Rxa7 32. Rxa7 Qb8
33. Ra6 Rc8 34. Qd1 Qb7 35. Ra1 Qb6 36. Qd4 Qxd4 37. exd4 gxf4 38. gxf4 Kf7 *

[Event "2017MOK"]
[Site "Calgary"]
[Date "2017.??.??"]
[Round "2.1"]
[White "Zhao, Ian"]
[Black "Ng, Gary"]
[Result "*"]
[WhiteElo "1859"]
[BlackElo "2354"]
[PlyCount "111"]
[EventDate "2017.??.??"]
[SourceDate "2017.09.01"]
[TimeControl "90+30"]

1. e4 c5 2. c3 Nf6 3. e5 Nd5 4. d4 e6 5. Nf3 Be7 6. c4 Nb6 7. d5 d6 8. exd6
Qxd6 9. Nc3 exd5 10. cxd5 a6 11. Be3 O-O 12. Qd2 Bf5 13. Bf4 Qd8 14. d6 Bf6 15.
Be2 Re8 16. O-O Nc6 17. Bd3 Qd7 18. Rad1 c4 19. Bxf5 Qxf5 20. Be3 Nd7 21. Nd4
Nxd4 22. Bxd4 b5 23. Bxf6 Nxf6 24. Nd5 Nxd5 25. Qxd5 Qxd5 26. Rxd5 Rad8 27.
Rfd1 Rd7 28. Kf1 f6 29. Rc5 Rb8 30. Rc7 Rdd8 31. Rc6 a5 32. Rd5 Kf7 33. Rcc5
Ke6 34. Rxb5 Rxb5 35. Rxb5 Kxd6 36. Ke2 Kc6 37. Rxa5 Rb8 38. b3 cxb3 39. axb3
Rxb3 40. Ra7 g5 41. Rxh7 Kd6 (41... Rb6) 42. h4 gxh4 43. Rxh4 Ke5 44. Rh5+ Ke6
45. f3 Rb2+ 46. Kf1 Kf7 47. Rd5 Ke6 48. Rd3 Kf5 49. Re3 Kf4 50. Re4+ Kg5 51.
Re2 Rb1+ 52. Kf2 Rb5 53. g3 Kf5 54. g4+ Kg6 55. Kg3 Kf7 56. Re4 *

[Event "Alberta Closed"]
[Site "?"]
[Date "2017.04.14"]
[Round "1"]
[White "Kazmaier, Daniel"]
[Black "Ng, Gary"]
[Result "0-1"]
[WhiteElo "2302"]
[BlackElo "2352"]
[Annotator "Jim"]
[PlyCount "100"]
[EventDate "2017.??.??"]
[SourceDate "2017.09.01"]

1. d4 Nf6 2. Nf3 e6 3. c4 b6 4. g3 Ba6 5. Qc2 c5 6. Bg2 Bb7 7. O-O Nc6 8. Rd1
Nb4 9. Qb3 Be4 10. Na3 Be7 11. Bd2 O-O 12. Ne5 Bxg2 13. Kxg2 Qb8 14. Bxb4 cxb4
15. Nc2 a5 16. Qa4 Rc8 17. Ne3 Qb7+ 18. f3 d6 19. Nd3 d5 20. b3 Qa6 (20... Ne8
$1 {Gary finds this correct plan 3 moves later}) 21. Ne5 Rc7 22. Rac1 {2
minutes left to move 40!} Rac8 23. Rc2 Ne8 24. Rdc1 Nd6 25. Kf2 Bg5 26. f4 Bf6
27. a3 Ne4+ 28. Ke1 Bxe5 29. fxe5 Nc3 30. Rxc3 bxc3 31. Rxc3 Qb7 32. c5 Qc6 (
32... bxc5 $142 33. Rxc5 Rxc5 34. dxc5 Rb8 $19) 33. Qxc6 Rxc6 34. b4 bxc5 35.
bxc5 Rb8 36. Nd1 f6 37. exf6 gxf6 38. Kd2 Kf7 (38... e5 39. e3) 39. Rf3 Rc7 40.
Nc3 {Dan made move 40 with 7 seconds left. Gary had 3 minutes.} Rcb7 41. Rf1
Rb2+ 42. Kd3 R8b3 (42... R2b3 $142) 43. a4 $2 (43. c6 Rb8 44. e4 Rc8 $17) 43...
Ke7 44. g4 Ra2 45. Rf3 Kd7 (45... e5 $142 46. dxe5 fxe5 47. Rf5 Ke6 48. Rh5 d4)
46. h4 e5 47. Rxf6 e4+ 48. Ke3 Rxc3+ 49. Kf4 Rxe2 50. Rf7+ Ke6 0-1

[Event "2017MOK"]
[Site "Calgary"]
[Date "2017.??.??"]
[Round "3.5"]
[White "Harris, Adam"]
[Black "Papneja, Arul"]
[Result "1-0"]
[WhiteElo "1868"]
[BlackElo "1632"]
[PlyCount "68"]
[EventDate "2017.??.??"]
[SourceDate "2017.09.01"]
[TimeControl "90+30"]

1. d4 d5 2. c4 dxc4 3. Nc3 a6 4. a4 Nc6 5. Nf3 Nf6 6. e3 Bg4 7. Bxc4 e6 8. h3
Bh5 9. Be2 Bd6 10. O-O O-O 11. e4 Bxf3 12. Bxf3 e5 13. d5 Nd4 14. Be3 Bc5 15.
Kh1 Qd6 16. Rc1 Nd7 17. Bg4 Bb6 18. Bxd7 Qxd7 19. Ne2 Nxe2 20. Qxe2 Bxe3 21.
Qxe3 Rac8 22. Rc4 c6 23. Rfc1 f6 24. dxc6 Rxc6 25. Rxc6 bxc6 26. Qc5 Rb8 27. f3
Rc8 28. Qc4+ Kh8 29. Qxa6 Rc7 30. Qc4 Qd4 31. Qb3 Qa7 32. Rd1 Qa8 33. Qb6 Qc8
34. a5 Rb7 1-0

[Event "2017JohnSchleinich"]
[Site "Calgary"]
[Date "2017.??.??"]
[Round "2.8"]
[White "Timmerman, Brian"]
[Black "Papneja, Arul"]
[Result "1-0"]
[WhiteElo "1698"]
[BlackElo "1457"]
[PlyCount "103"]
[EventDate "2017.??.??"]
[SourceDate "2017.09.01"]

1. e4 c5 2. Nf3 d6 3. d4 cxd4 4. Nxd4 Nf6 5. Nc3 a6 6. h3 e6 7. g4 Be7 8. g5
Nfd7 9. h4 Nc6 10. Be3 Qc7 11. Qd2 Nce5 12. f4 Nc4 13. Bxc4 Qxc4 14. f5 Ne5 15.
O-O-O Qc7 16. b3 Bd7 17. h5 O-O-O 18. Kb2 Kb8 19. Nce2 Ng4 (19... Nc4+) 20. g6
Nxe3 21. Qxe3 e5 22. Nf3 fxg6 23. hxg6 h6 24. Nc3 Bc6 25. Nd5 Qd7 26. Rd3 Bxd5
27. Rxd5 Rc8 28. Rhd1 Rc6 29. Kb1 Rhc8 30. Nxe5 Qc7 31. Nxc6+ Qxc6 32. Qd3 Ka8
33. Rd2 Qc7 34. Rxd6 Qa5 35. Qd5 Rc5 36. Rd8+ Ka7 37. Qd3 Bf6 38. Rd5 Qa3 39.
c4 Rxd5 40. exd5 Bg5 41. d6 Bxd2 42. Qxd2 Qc5 43. d7 Qxf5+ 44. Kb2 Qf6+ 45. Ka3
Qf8+ 46. c5 Qd8 47. b4 h5 48. Qf2 (48. Qe2 Kb8) 48... Kb8 49. Qf4+ Ka8 50. Qf7
Kb8 51. Qxg7 h4 52. Qe5+ 1-0

[Event "2017 Trumpeter Classic"]
[Site "Grande Prairie, AB"]
[Date "2017.06.03"]
[Round "1"]
[White "Tim Pradzinski"]
[Black "Paul McGinnis"]
[Result "1-0"]
[WhiteElo "1928"]
[BlackElo "1625"]
[PlyCount "51"]
[EventDate "2017.??.??"]
[SourceDate "2017.09.01"]

1. e4 d6 2. d4 Nf6 3. Bd3 Nbd7 4. h3 e5 5. Be3 Be7 6. Ne2 c6 7. O-O Qc7 8. Nd2
h6 9. f4 exf4 10. Bxf4 g5 11. Bh2 Qb6 $2 12. Nc4 Qd8 13. Bxd6 (13. Nxd6+ Bxd6
14. Bxd6 {and black simply doesn't have any good moves. A natural move like 14.
...Nb6 to alleviate the cramping fails to 15. Rxf6! Qxf6 16. Be5 with a skewer
on the undefendable h-rook.}) 13... b5 14. Bxe7 Qxe7 15. Na5 Nb8 {Attempts to
win back the pawn on e4 fail after 15. ...Nxe4 16. Nxc6 and the Queen can't
continue defending the knight on e4.} 16. Ng3 Qb4 17. Rxf6 Qxa5 18. Qf3 Be6 19.
Rxe6+ fxe6 20. Qf6 Rh7 21. Qg6+ Rf7 22. Rf1 Qc7 23. Qxe6+ $2 {Good enough. But
Qg8+ is mate in four.} Qe7 24. Qc8+ Qd8 25. Qxd8+ Kxd8 26. Rxf7 {Down too much
material, black resigns.} 1-0

[Event "2017 Alberta Seniors Championship"]
[Site "?"]
[Date "2017.04.09"]
[Round "5"]
[White "Karmali, Hafiz"]
[Black "Pedersen, Rick"]
[Result "1/2-1/2"]
[WhiteElo "1982"]
[BlackElo "1773"]
[PlyCount "79"]
[SourceDate "2017.09.01"]

1. e4 d6 2. d4 Nf6 3. Nc3 g6 4. Nf3 Bg7 5. Bc4 O-O 6. O-O c6 7. Be3 d5 8. Bd3
dxe4 9. Nxe4 Ng4 10. c3 Nxe3 11. fxe3 Nd7 12. Qb3 Nf6 13. Neg5 Qb6 14. Ne5 Qxb3
15. axb3 h6 16. Ngf3 (16. Ngxf7 Rxf7 17. Nxf7 Kxf7 18. e4 Kg8 19. e5 Nd5 20.
Bxg6) 16... Ng4 17. Nxg4 Bxg4 18. e4 Bxf3 19. gxf3 a6 20. e5 Rad8 21. Be4 g5
22. Kf2 f5 23. Bd3 e6 24. h4 Kf7 25. Ke3 Ke7 26. Rh1 g4 27. fxg4 (27. h5) 27...
fxg4 28. Bg6 Rf3+ 29. Ke2 Rdf8 30. Raf1 c5 31. Rxf3 Rxf3 32. Be4 Rh3 33. Rxh3
gxh3 34. Bxb7 cxd4 35. cxd4 h2 36. h5 Kd7 37. Kf2 Kc7 38. Bf3 Bf8 39. Kg2 Bb4
40. Kxh2 1/2-1/2

[Event "2017 Edmonton International"]
[Site "?"]
[Date "2017.06.23"]
[Round "6"]
[White "Reeve, Jeff"]
[Black "Porper, Edward"]
[Result "0-1"]
[WhiteElo "2295"]
[BlackElo "2468"]
[PlyCount "66"]
[SourceDate "2017.09.01"]

1. e4 e6 2. d4 d5 3. Bd3 c5 4. exd5 Qxd5 5. Nc3 Qxd4 6. Nb5 Qd8 7. Bf4 Na6 8.
Qe2 Nf6 9. O-O-O Qb6 10. Nf3 (10. Bc4 Be7 11. Rd6 Bxd6 12. Nxd6+ Ke7 13. Nf5+)
10... Nd5 11. Bg3 Be7 12. h4 h6 13. Be5 Bd7 14. a4 Nab4 15. Bc4 a6 16. Nc3 Nf6
17. g4 O-O-O 18. g5 Ne8 19. Bf4 hxg5 20. hxg5 Rxh1 21. Rxh1 Bd6 22. Be5 Bc6 23.
Re1 Bxf3 24. Qxf3 Bxe5 25. Rxe5 Nc6 26. Re1 Nd6 27. Bf1 Nd4 28. Qg4 Qb4 29. Qg2
N4f5 30. g6 Nh4 31. Qh3 Nxg6 32. Kb1 Nf4 33. Qf3 Nd5 0-1

[Event "2017 Edmonton International"]
[Site "?"]
[Date "2017.06.20"]
[Round "1"]
[White "Frialde, Arniel"]
[Black "Porper, Edward"]
[Result "0-1"]
[WhiteElo "2213"]
[BlackElo "2468"]
[PlyCount "84"]
[SourceDate "2017.09.01"]

1. Nf3 Nf6 2. d4 e6 3. g3 d5 4. c4 Bb4+ 5. Nbd2 O-O 6. Bg2 Nc6 7. Qc2 dxc4 8.
Qxc4 Qd5 9. O-O Bxd2 10. Qxd5 exd5 11. Bxd2 Bg4 12. Be3 Rfe8 13. Rac1 Rac8 14.
Rfe1 h6 15. h3 Bf5 16. g4 Be4 17. g5 hxg5 18. Nxg5 Bxg2 19. Kxg2 Ne4 20. Nf3
Re6 21. Kh2 f6 22. Rg1 Kf7 23. Rg2 Ne7 24. Rcg1 g5 25. Bc1 Nf5 26. e3 Rh8 27.
Nd2 Nh4 28. Nxe4 dxe4 (28... Nf3+ 29. Kg3 dxe4 30. Rh1) 29. Rg3 Nf3+ 30. Rxf3
exf3 31. Kg3 f5 32. Kxf3 Rxh3+ 33. Ke2 g4 34. Bd2 Rh2 35. Rg3 Re4 36. Rg1 Ke6
37. a4 Kd5 38. b3 Re7 39. Rc1 g3 40. Kd3 gxf2 41. Bb4 Rg7 42. Rc5+ Ke6 0-1

[Event "2017 Alberta Seniors Championship"]
[Site "?"]
[Date "2017.04.08"]
[Round "3"]
[White "Seehagen, Terry"]
[Black "Purewal, Sardul"]
[Result "1-0"]
[WhiteElo "1844"]
[BlackElo "1968"]
[PlyCount "59"]
[SourceDate "2017.09.01"]

1. e4 e6 2. d4 d5 3. Nc3 Bb4 4. a3 Bxc3+ 5. bxc3 dxe4 6. f3 {After 6. f3,
direct attempts to hang on to the extra pawn are faulty. Best here is 6. ...c5,
b6, or Bd7. Even Nf6 scores poorly. We'll see what happens if black tries to
trade the pawn off.} exf3 7. Nxf3 {White is down a pawn and his pawn structure
is terrible, but this gambit allows white to quickly develop an attack while
tying up black's pieces.} Nf6 8. Bg5 Nbd7 9. Bd3 c6 10. O-O Qa5 11. c4 c5 12.
d5 Nb6 $2 {A mistake. Best is castling, as white is able to put a lot of
pressure on the half-open e-file.} 13. Ne5 Nbd7 14. Ng4 {Crushing is 14. Nxf7.
For example} (14. Nxf7 Kxf7 15. dxe6+ Kxe6 16. Bf5+ Ke7 17. Qd5 Qb6 18. Rae1+
Kd8 19. Re6 $18) 14... Qc3 15. dxe6 fxe6 16. Nxf6+ Nxf6 17. Bxf6 gxf6 18. Qh5+
{White is still only down a pawn, while the black's king is exposed and his
pieces--other than his queen--are still undeveloped.} Kd8 19. Qxc5 Bd7 20. Rad1
Rc8 21. Qxa7 Ke7 22. Qxb7 Qxa3 23. Bf5 Qc5+ 24. Kh1 Qc6 25. Qb4+ Qc5 26. Qe1
Qxc4 27. Bh3 Qc5 $4 {The queen walks out on the vulnerable e-pawn. White can
sack on d7 for a forced mate now.} 28. Rxd7+ Kxd7 29. Qxe6+ Kc7 30. Qd7+ {
Black resigns with mate in a few left. The white rook will slide across to b1
to assist in the attack.} 1-0

[Event "2017 Alberta Seniors Championship"]
[Site "?"]
[Date "2017.04.08"]
[Round "1"]
[White "Behnke, Rick"]
[Black "Purewal, Sardul"]
[Result "0-1"]
[WhiteElo "1161"]
[BlackElo "1968"]
[PlyCount "78"]
[SourceDate "2017.09.01"]

1. e4 c5 2. Nf3 d6 3. d4 cxd4 4. Nxd4 Nf6 5. Nc3 a6 6. Bd3 Nc6 7. Nb3 e5 8. O-O
Be7 9. h3 b5 10. a3 Be6 11. Be3 Qc7 12. Ne2 O-O 13. Qd2 Nd7 14. f4 f6 15. f5
Bf7 16. g4 d5 17. Nbc1 Bc5 18. b4 Bxe3+ 19. Qxe3 Qb6 20. Qf2 Qxf2+ 21. Rxf2 Nb6
22. Nb3 Na4 23. Nc5 Nxc5 24. bxc5 Rfc8 25. Nc3 Nd4 26. Nxd5 Rxc5 27. c3 Nb3 28.
Nb6 Rd8 29. Rd1 Rxc3 30. Nd5 Bxd5 31. exd5 Nd4 32. Be4 Rdc8 33. Kg2 Rxa3 34.
Rdd2 Kf8 35. Ra2 Rcc3 (35... Rxa2 36. Rxa2) 36. d6 Ke8 37. Bd5 Kd7 38. Bb7 Rxh3
39. Bxa6 Rag3+ 0-1

[Event "2017MOK"]
[Site "Calgary"]
[Date "2017.??.??"]
[Round "3.11"]
[White "Samy, Mikesh"]
[Black "Qin, Kevin"]
[Result "1-0"]
[WhiteElo "1068"]
[BlackElo "1158"]
[PlyCount "31"]
[EventDate "2017.??.??"]
[SourceDate "2017.09.01"]
[TimeControl "90+30"]

1. e4 e5 2. Nf3 Nc6 3. Bb5 a6 4. Ba4 Nf6 5. O-O b5 6. Bb3 d6 7. c3 Bg4 8. Re1
Be7 9. d4 exd4 10. cxd4 Bxf3 11. Qxf3 Nxd4 12. Qg3 Nxb3 13. axb3 Qd7 14. Qxg7
Rg8 15. Qh6 Qg4 16. Qh3 1-0

[Event "2017MOK"]
[Site "Calgary"]
[Date "2017.??.??"]
[Round "1.9"]
[White "Harris, Adam"]
[Black "Qin, Kevin"]
[Result "1-0"]
[WhiteElo "1868"]
[BlackElo "1158"]
[PlyCount "76"]
[EventDate "2017.??.??"]
[SourceDate "2017.09.01"]
[TimeControl "90+30"]

1. Nf3 Nc6 2. c4 Nf6 3. Nc3 e6 4. d3 Bb4 5. e4 d6 6. Be2 Bxc3+ 7. bxc3 O-O 8.
O-O h6 9. Rb1 b6 10. Qc2 e5 (10... Bb7 11. d4) 11. d4 exd4 12. cxd4 Bg4 13. Be3
Bxf3 14. Bxf3 Re8 15. e5 dxe5 16. Bxc6 (16. dxe5) 16... exd4 17. Bxe8 Nxe8 18.
Rbd1 c5 19. Rd3 Qc7 (19... Qd7) 20. Bc1 Nf6 21. Rg3 Nh5 22. Rf3 Re8 23. Bd2 Nf6
24. Rxf6 gxf6 25. Qf5 Qe5 26. Qg4+ Kh7 27. Qh4 h5 28. h3 Qf5 29. Re1 Rxe1+ 30.
Bxe1 Qg5 31. Qxg5 fxg5 32. Bd2 f6 33. a4 Kg6 34. Kf1 Kf5 35. Ke2 Ke4 36. f3+
Ke5 37. Kd3 f5 (37... Kf5 38. g4+) 38. g4 fxg4 1-0

[Event "2017 Edmonton International"]
[Site "?"]
[Date "2017.06.22"]
[Round "5"]
[White "Findlay, Ian"]
[Black "Reeve, Jeff"]
[Result "0-1"]
[WhiteElo "2295"]
[BlackElo "2274"]
[PlyCount "34"]
[SourceDate "2017.09.01"]

1. e4 c5 2. Nf3 Nc6 3. d4 cxd4 4. Nxd4 Nf6 5. Nc3 e5 6. Ndb5 d6 7. Bg5 a6 8.
Na3 {Findlay played the same opening in the very next game, against Frialde,
to much better results.} Be6 9. Nc4 Rb8 10. Nd5 Bxd5 11. Bxf6 Qxf6 12. Qxd5 Nb4
13. Qd2 d5 14. exd5 Rd8 15. Ne3 Bc5 {All normal so far. Black has aggressive
peices, but white has several good moves, such as 16. 0-0-0 or 16.Bd3} 16. Bc4
$4 Bxe3 {The best response the computer can come up with is moving the queen
and playing down a piece. Findlay opts to make his opponent find the tactic.}
17. fxe3 (17. Qxe3 {Obviously not 17. Qxe3, given the royal fork on c2.}) 17...
Qh4+ {There's no saving the c4 bishop for white. White will not only be down a
piece, but facing further loss of material. Findlay did go on to reel off
three straight wins after this loss.} 0-1

[Event "2017JohnSchleinich"]
[Site "Calgary"]
[Date "2017.??.??"]
[Round "4.5"]
[White "Dave, Bhavik"]
[Black "Rogers, Dustin"]
[Result "0-1"]
[WhiteElo "1909"]
[BlackElo "1853"]
[PlyCount "60"]
[EventDate "2017.??.??"]
[SourceDate "2017.09.01"]

1. d4 Nf6 2. c4 e6 3. Nc3 Bb4 4. Nf3 Bxc3+ 5. bxc3 c5 6. e3 Qa5 7. Qc2 Nc6 8.
Bd2 d6 9. Be2 O-O 10. O-O e5 11. d5 Ne7 12. h3 Bf5 13. Qb2 e4 14. Nh4 Bd7 15.
g4 Qa6 16. f4 Nfxd5 17. cxd5 Qxe2 18. Rf2 Qb5 19. Qxb5 Bxb5 20. a4 Bd3 21. Nf5
Nxf5 22. gxf5 f6 23. Bc1 b6 24. Rb2 (24. Raa2) 24... Rab8 25. Kf2 Rf7 26. Ke1
a6 27. Rd2 Rfb7 28. Rda2 b5 29. axb5 Rxb5 30. Rxa6 Rb1 0-1